书目信息 |
| 题名: |
原料气的净化
|
|
| 作者: | ;河南省巩县回郭镇公社化肥厂 编 | |
| 分册: | ||
| 出版信息: | 北京 石油化学工业出版社 1978 |
|
| 页数: | 112页 | |
| 开本: | 19cm | |
| 丛书名: | 农业机械化丛书 | |
| 单 册: | ||
| 中图分类: | TQ113.24 | |
| 科图分类: | ||
| 主题词: | 合成氨生产-原料-气体净化 , 气体净化-合成氨生产-原料 , 原料气净化 | |
| 电子资源: | ||
| ISBN: | ||
| 000 | 00854nam2 2200277 45 | |
| 001 | 0178000024 | |
| 005 | 20060815151946.02 | |
| 010 | @dCNY0.27 | |
| 091 | @a15063.化289 | |
| 100 | @a19950913d1978 em y0chiy0121 ea | |
| 101 | 0 | @achi |
| 102 | @aCN@b110000 | |
| 105 | @ay z 000yy | |
| 200 | 10 | @a原料气的净化@Ayuan liao qi de jing hua@e小型合成氨厂生产新工艺@f河南省巩县回郭镇公社化肥厂编 |
| 205 | @a修订本 | |
| 210 | @a北京@c石油化学工业出版社@d1978 | |
| 215 | @a112页@d19cm | |
| 225 | 2 | @a农业机械化丛书 |
| 410 | 0 | @120010@a农业机械化丛书 |
| 606 | @a合成氨生产-原料-气体净化 | |
| 606 | @a气体净化-合成氨生产-原料 | |
| 606 | @a原料气净化 | |
| 690 | @aTQ113.24@v3 | |
| 711 | 02 | @a河南省巩县回郭镇公社化肥厂@Ahe nan sheng gong xian hui guo zhen gong she hua fei chang@4编 |
| 801 | 0 | @aCN@bTSSF@c20060815 |
| 905 | @a10447@dTQ113.24@e16=2 | |
| 原料气的净化:小型合成氨厂生产新工艺/河南省巩县回郭镇公社化肥厂编.-修订本.-北京:石油化学工业出版社,1978 |
| 112页;19cm.-(农业机械化丛书) |
| ISBN :CNY0.27 |
| ● |
| 相关链接 |
|
|
|
|
正题名:原料气的净化
索取号:TQ113.24/16=2
 
预约/预借
| 序号 | 登录号 | 条形码 | 馆藏地/架位号 | 状态 | 备注 |
| 1 | 0458554 | 204585546 | 密集书库/ [索取号:TQ113.24/16=2] | 在馆 |